000 01135nas a2200337 4500
001 BR0502434
003 BR-BrBNA
005 20231205105335.0
007 ta
008 230509b bl.|||p| |||| 00| 00por d
040 _aBR-BrBNA
_bpor
_cBiblioteca Nacional de Agricultura
041 _a(Pt)
072 _aL02; L51
100 1 _aOliveira Júnior, R.C. de
100 1 _aPires, A.V.
100 1 _aFernandes, J.J. de R.
100 1 _aSusin, I.
100 1 _aSantos, F.A.P.
100 1 _aAraújo, R.C. de
245 1 _aSubstituição total do farelo de soja por uréia ou amiréia, em dietas com alto teor de concentrado, sobre a amônia ruminal, os parâmetros sangüíneos e o metabolismo do nitrogênio em bovinos de corte
650 _aGADO DE CORTE
650 _aCONFINAMENTO
650 _aDIETA
650 _aCANA DE AÇÚCAR
650 _aBAGAÇO
650 _aCOMPOSIÇÃO DE ALIMENTO
650 _aDIGESTIBILIDADE
773 0 _tRevista Brasileira de Zootecnia (Brazil)
_xISSN 1516-3598
_g(May-Jun 2004), v. 33(3) p. 738-748
_wBR0502434
909 _a202311
_bLúcia
_c55
_dLúcia Elande
942 _2AGRIS
_n0
_cANA
999 _c182444
_d182444